000 00346nam a2200145Ia 4500
008 240624s9999 xx 000 0 und d
041 _aeng
082 _a658.4013 BES
100 _aBESTERFIELD DALE H
245 _aQUALITY CONTROL
250 _a(7th ed.)
260 _c2011
_aNew Delhi
_bPearson
300 _a532 : p. : cm. ; 24
365 _cRS
999 _c20520
_d20520